Box-office mondial : les 30 Disney aux plus hautes recettes - Statistiques

Statistiques générales
  • Ce quiz a été pris 489 fois
  • Le résultat moyen est 17 sur 30
Statistiques - réponses
Rang Titre des films d'animation Disney % Correct
14 Blanche-Neige et les Sept Nains
93%
3 La Reine des neiges
91%
26 Cendrillon
90%
5 Le Roi Lion (1994)
90%
1 Le Roi Lion (2019)
90%
13 La Belle et la Bête
87%
8 Raiponce
82%
22 Mulan
78%
10 Aladdin
76%
15 Le Livre de la jungle
69%
17 Pocahontas
69%
6 Vaiana : La Légende du bout du monde
69%
25 La Princesse et la Grenouille
64%
24 Bambi
62%
12 Tarzan
61%
27 Hercule
58%
30 Les 101 Dalmatiens
58%
2 La Reine des neiges 2
49%
18 Le Bossu de Notre-Dame
49%
4 Zootopie
47%
23 Lilo et Stitch
42%
11 Les Mondes de Ralph
35%
28 Frère des ours
33%
9 Ralph 2.0
28%
21 Volt, star malgré lui
28%
7 Les Nouveaux Héros
26%
16 Dinosaure
17%
20 Chicken Little
14%
29 Planes
10%
19 Le Drôle de Noël de Scrooge
2%
Aucun quiz correspondant
Distribution des résultats
% des personnes avec chaque résultat
Percentile par nombre de réponses
Votre historique - résultats
Vous n’avez pas pris ce quiz